What to do when nothing seems to work. (Record no. 12731)

000 -LEADER
fixed length control field 00591nam a2200205 a 4500
001 - CONTROL NUMBER
control field :::00010545$&:&@@
003 - CONTROL NUMBER IDENTIFIER
control field OkBaRHE
005 - DATE AND TIME OF LATEST TRANSACTION
control field 20000607103400.0
008 - FIXED-LENGTH DATA ELEMENTS--GENERAL INFORMATION
fixed length control field j 000 0 eng u
040 ## - CATALOGING SOURCE
Transcribing agency
100 1# - MAIN ENTRY--PERSONAL NAME
Personal name Osteen, John.
245 10 - TITLE STATEMENT
Title What to do when nothing seems to work.
260 ## - PUBLICATION, DISTRIBUTION, ETC. (IMPRINT)
Place of publication, distribution, etc Houston, TX., :
Name of publisher, distributor, etc John Osteen Publications
Date of publication, distribution, etc nd
300 ## - PHYSICAL DESCRIPTION
Extent 31 p. ;
Dimensions 13 cm.
650 ## - SUBJECT ADDED ENTRY--TOPICAL TERM
Topical term or geographic name as entry element Christian Life
650 ## - SUBJECT ADDED ENTRY--TOPICAL TERM
Topical term or geographic name as entry element Confession
650 ## - SUBJECT ADDED ENTRY--TOPICAL TERM
Topical term or geographic name as entry element Faith
942 ## - ADDED ENTRY ELEMENTS (KOHA)
Source of classification or shelving scheme
Koha item type Books
Copies
Date last seen Permanent Location Damaged status Koha item type Shelving location Not for loan Withdrawn status Full call number Source of classification or shelving scheme Copy number Lost status Barcode Price effective from Date acquired
2010-04-14RHEMA Bible Training College BooksGeneral Stacks  BV 4501 .O8 1 105452010-04-142010-04-14